| 000 | 00502nam a2200181 a 4500 | ||
|---|---|---|---|
| 005 | 20140310183343.0 | ||
| 008 | 070123s19uu xx 00 eng d | ||
| 020 | _a0821224514 | ||
| 050 |
_aNK 2115.5.C6 _b.In55 1997 |
||
| 100 | _aInnes, Jocasta | ||
| 245 |
_aAround the house color. / _cJocasta Innes |
||
| 260 |
_aBoston, New York : _bLittle Brown and Company, _c1997. |
||
| 300 |
_a96 p. : _bill. col. ; _c18 cm. |
||
| 521 | _aMA | ||
| 650 | _aColor. | ||
| 942 |
_cBK _2lcc _kFOR |
||
| 999 |
_c21873 _d21873 |
||